[Event "Tonsberg op"]
[Site "Tonsberg"]
[Date "2004.11.07"]
[Round "1"]
[White "Carding, Nicholas"]
[Black "Christensen, Oddbjorn"]
[Result "1-0"]
[WhiteElo "1053"]
[BlackElo "1407"]
[PlyCount "97"]
[EventDate "2004.11.07"]
[EventType "swiss"]
[EventRounds "5"]
[EventCountry "NOR"]
[SourceTitle "EXT 2008"]
[Source "ChessBase"]
[SourceDate "2007.11.25"]
[SourceVersion "1"]
[SourceVersionDate "2007.11.25"]
[SourceQuality "1"]

1. e4 c6 2. d4 d5 3. f3 dxe4 4. fxe4 Nf6 5. Nc3 Bg4 6. Be2 Bxe2 7. Ngxe2 e6 8. Bg5 Be7 9. e5 Nd5 10. Bxe7 Qxe7 11. Nxd5 cxd5 12. 0-0 Nc6 13. c3 h5 14. b4 a6 15. a4 Qg5 16. Rf3 Ne7 17. Qf1 Nf5 18. Qf2 h4 19. Nf4 g6 20. a5 Qh6 21. h3 Rc8 22. Ne2 Qd2 23. Rf1 Ke7 24. Kh2 Rcg8 25. Qe1 Qc2 26. Qd1 Qa2 27. Qd3 g5 28. Nc1 Qa4 29. c4 Qc6 30. Qa3 Kd7 31. cxd5 Qxd5 32. Qa4+ Qc6 33. Qxc6+ Kxc6 34. Rc3+ Kd7 35. Ne2 Rc8 36. Rfc1 Rxc3 37. Rxc3 Rc8 38. Rxc8 Kxc8 39. Kg1 Kc7 40. Kf2 Kc6 41. Kf3 Kb5 42. Kg4 Kxb4 43. Kxg5 Kxa5 44. d5 Ng3 45. Nxg3 hxg3 46. d6 Kb6 47. Kf6 Kc6 48. Ke7 b5 49. d7 1-0

[Event "Sandefjord op"]
[Site "Sandefjord"]
[Date "2002.10.11"]
[Round "1"]
[White "Jenssveen, Trym"]
[Black "Christensen, Oddbjorn"]
[Result "1-0"]
[WhiteElo "876"]
[BlackElo "1341"]
[PlyCount "65"]
[EventDate "2002.10.??"]
[EventType "swiss"]
[EventRounds "5"]
[EventCountry "NOR"]
[SourceTitle "EXT 2005"]
[Source "ChessBase"]
[SourceDate "2004.11.15"]
[SourceVersion "1"]
[SourceVersionDate "2004.11.15"]
[SourceQuality "1"]

1. e4 d5 2. exd5 Qxd5 3. Nc3 Qa5 4. d4 Nf6 5. Nf3 Bg4 6. Bd2 c6 7. Bc4 e6 8. 0-0 Nbd7 9. Re1 Bb4 10. a3 Bxc3 11. Bxc3 Qh5 12. Be2 0-0 13. h3 Bxf3 14. Bxf3 Qh4 15. Bb4 Rfe8 16. c4 Rad8 17. Qb3 Qxd4 18. Rad1 Qb6 19. Rd3 a5 20. Bd6 Qa6 21. Red1 Nb6 22. Bc7 Rxd3 23. Rxd3 Nxc4 24. Bd8 Nd5 25. Bxd5 exd5 26. Bg5 Re2 27. Rg3 Rxb2 28. Qc3 Rb1+ 29. Kh2 Kf8 30. Bh4 Ke8 31. Rxg7 Kd7 32. Qf6 Kc7 33. Qd8# 1-0